000 00982cam a2200313Ia 4500
001 45145
005 20230410132804.0
008 991114s1995 sp 000 0 spa d
035 _a(OCoLC)ocm42823963
040 _aDQ$
_cDQ$
_dPL#
019 _a34205843
020 _a8420607290
020 _a9788420607290
035 _a(OCoLC)42823963
_z(OCoLC)34205843
050 1 4 _aQH 313
_bS129b 1995
049 _aGRAL
100 1 _aSagan, Dorion.
245 1 0 _aBiosferas :
_bmetaformosis del planeta Tierra /
_cDorion Sagan ; tr. Eva Rodríguez Halfter.
260 _aMadrid :
_bAlianza Editorial,
_c1995.
300 _a289 p. ;
_c18 cm.
440 0 _aEl libro de bolsillo. Sección Ciencia y técnica ;
_v1729.
500 _aTít. orig.: Biospheres. Metamorphosis of the Planet Earth.
650 4 _aBiosphere.
700 1 _aRodríguez Halfter, Eva,
_etr.
938 _aPuvill Libros
_bPUVL
_n8420607290
_c$7.02
942 _2lcc
_cbk
946 _amfcruz
994 _aC0
_bDRFGD
999 _c87789
_d87789